000 00826nam a2200277 ia4500
001 C2-0268158
003 PPAK
005 20210622230435.0
008 060808s2005 my a|||j ||||| | may d
020 _a9833065104
_qpaperback
040 _aPPAK
_beng
_cPPAK
_erda
082 0 4 _a499.2386
_223
090 0 0 _a499.2386
_bMIS
_dK
245 0 0 _aMisteri kehilangan tasbih
264 1 _aPetaling Jaya, Selangor :
_bPustaka Cahaya Intelek,
_c2005
300 _a29 pages :
_billustrations ;
_c21 cm
336 _2rdacontent
_atext
337 _2rdamedia
_aunmediated
338 _2rdacarrier
_avolume
490 1 _aSiri anakku bestari
500 _aIncludes questions and exercises
650 1 0 _aMalay language
_vReaders
650 2 0 _aDetective and mystery stories, Malay
830 0 _aSiri anakku bestari
942 _cB
_2ddc
999 _c76991
_d76991